000 00696nam a2200181Ia 4500
008 100920s9999 xx 000 0 und d
082 _b44159
_a28 व 51 थ 76
100 _aशिवरामे श्यामकांत.
245 _aभारताचे महापुरूष.
260 _bइंद्रायणी साहित्य प्रकाशन पुणे 30.
_c1976
300 _a24
_bसाधी
365 _b1.5
520 _aबा. वि चरित्र.
630 _aभारताचे महापुरूष.
650 _aबा. वि चरित्र.
730 _aभारताचे महापुरूष.
942 _cBOOK
999 _c693158
_d693155